Normal view MARC view
  • Tankariya V. & Parmar B

Entry Personal Name

Number of records used in: 1

001 - CONTROL NUMBER

  • control field: 200947

003 - CONTROL NUMBER IDENTIFIER

  • control field: OSt

005 - DATE AND TIME OF LATEST TRANSACTION

  • control field: 20230714220320.0

008 - FIXED-LENGTH DATA ELEMENTS

  • fixed length control field: 230714|| aca||aabn | a|a d

040 ## - CATALOGING SOURCE

  • Original cataloging agency: OSt
  • Transcribing agency: OSt

100 ## - HEADING--PERSONAL NAME

  • Personal name: Tankariya V. & Parmar B

670 ## - SOURCE DATA FOUND

  • Source citation: Work cat.: (OSt)223638: Tankariya V. 200946, AWS Certified Developer - Associate Guide, 2017